<?xml version="1.0" encoding="UTF-8"?>
<marc:record xmlns:marc="http://www.loc.gov/MARC21/slim">
   <marc:leader>00000nam a2200000 a 4500</marc:leader>
   <marc:datafield ind1="1" ind2=" " tag="100">
      <marc:subfield code="a">Taylor, Lulu</marc:subfield>
      <marc:subfield code="4">aut</marc:subfield>
      <marc:subfield code="e">Verfasser/-in</marc:subfield>
   </marc:datafield>
   <marc:datafield ind1="1" ind2=" " tag="100">
      <marc:subfield code="a">König, Karin</marc:subfield>
      <marc:subfield code="4">trl</marc:subfield>
      <marc:subfield code="e">Übersetzer/-in</marc:subfield>
   </marc:datafield>
   <marc:datafield ind1="0" ind2="0" tag="245">
      <marc:subfield code="a">Der Turm der wilden Rosen</marc:subfield>
   </marc:datafield>
   <marc:datafield ind1="0" ind2="0" tag="245">
      <marc:subfield code="c">Lulu Taylor ; aus dem Englischen von Karin König</marc:subfield>
   </marc:datafield>
   <marc:datafield ind1=" " ind2="1" tag="264">
      <marc:subfield code="a">Frankfurt am Main</marc:subfield>
      <marc:subfield code="b">FISCHER Taschenbuch</marc:subfield>
      <marc:subfield code="c">2016</marc:subfield>
   </marc:datafield>
   <marc:datafield ind1="1" ind2=" " tag="490">
      <marc:subfield code="a">Fischer</marc:subfield>
      <marc:subfield code="v">03131</marc:subfield>
   </marc:datafield>
   <marc:datafield ind1="1" ind2=" " tag="520">
      <marc:subfield code="a">Angaben aus der Verlagsmeldung

Der Turm der wilden Rosen The Winter Folly / von Lulu Taylor

Je dunkler die Lüge, desto tiefer das Geheimnis: der große romantische Frauenroman.

London, 1964. Die junge Alexandra, streng erzogen, unglücklich verheiratet, entflieht der Enge ihres Daseins und findet die wahre Liebe. Mit Nicholas bezieht sie Sturling Castle, eine romantische Burg in Dorset. Aber wird sie irgendwann einen Preis für ihr Glück bezahlen müssen?

2015: Delilah lebt mit ihrem Mann John auf Sturling Castle. Sie spürt die Trauer, die das Anwesen ausstrahlt, und die Last der Vergangenheit, die auf John lastet. Warum hasst er den alten Turm im Park? Delilah erkennt, wie gefährlich es ist, wenn man an alte Geheimnisse rührt…

Der große Bestsellererfolg aus England um eine Liebe, über der ein Schatten liegt und die doch zum Glück führt.
</marc:subfield>
   </marc:datafield>
   <marc:datafield ind1=" " ind2=" " tag="020">
      <marc:subfield code="a">9783596031313</marc:subfield>
      <marc:subfield code="9">9783596031313</marc:subfield>
   </marc:datafield>
   <marc:datafield ind1=" " ind2=" " tag="020">
      <marc:subfield code="a">3596031311</marc:subfield>
      <marc:subfield code="9">3596031311</marc:subfield>
   </marc:datafield>
   <marc:datafield ind1=" " ind2=" " tag="300">
      <marc:subfield code="a">526 S.</marc:subfield>
   </marc:datafield>
</marc:record>
